<?xml version="1.0" encoding="UTF-8"?>
<record
    xmlns:xsi="http://www.w3.org/2001/XMLSchema-instance"
    xsi:schemaLocation="http://www.loc.gov/MARC21/slim http://www.loc.gov/standards/marcxml/schema/MARC21slim.xsd"
    xmlns="http://www.loc.gov/MARC21/slim">

  <leader>00673nam a2200181Ia 4500</leader>
  <controlfield tag="008">090123s9999    xx            000 0 und d</controlfield>
  <datafield tag="082" ind1=" " ind2=" ">
    <subfield code="b">15288</subfield>
    <subfield code="a">891.463/&#x905;&#x937;&#x94D;&#x91F;&#x93F;&#x915;&#x930;</subfield>
  </datafield>
  <datafield tag="100" ind1=" " ind2=" ">
    <subfield code="a">&#x905;&#x937;&#x94D;&#x91F;&#x940;&#x915;&#x930; &#x92E;&#x902;&#x926;&#x93E;&#x915;&#x93F;&#x928;&#x940;</subfield>
  </datafield>
  <datafield tag="245" ind1=" " ind2=" ">
    <subfield code="a">&#x915;&#x927;&#x940; &#x935;&#x93E;&#x926;&#x933;&#x940;  &#x938;&#x941;&#x930;&#x924;&#x94B; &#x915;&#x93E;&#x92F;</subfield>
  </datafield>
  <datafield tag="250" ind1=" " ind2=" ">
    <subfield code="a">1</subfield>
  </datafield>
  <datafield tag="260" ind1=" " ind2=" ">
    <subfield code="b">&#x92A;&#x94D;&#x930;&#x93F;&#x92F;&#x93E; &#x92A;&#x94D;&#x930;&#x915;&#x93E;&#x936;&#x928;</subfield>
  </datafield>
  <datafield tag="300" ind1=" " ind2=" ">
    <subfield code="a">220</subfield>
  </datafield>
  <datafield tag="600" ind1=" " ind2=" ">
    <subfield code="a">&#x905;&#x937;&#x94D;&#x91F;&#x940;&#x915;&#x930; &#x92E;&#x902;&#x926;&#x93E;&#x915;&#x93F;&#x928;&#x940;</subfield>
  </datafield>
  <datafield tag="630" ind1=" " ind2=" ">
    <subfield code="a">&#x915;&#x927;&#x940; &#x935;&#x93E;&#x926;&#x933;&#x940;  &#x938;&#x941;&#x930;&#x924;&#x94B; &#x915;&#x93E;&#x92F;</subfield>
  </datafield>
  <datafield tag="700" ind1=" " ind2=" ">
    <subfield code="a">&#x905;&#x937;&#x94D;&#x91F;&#x940;&#x915;&#x930; &#x92E;&#x902;&#x926;&#x93E;&#x915;&#x93F;&#x928;&#x940;</subfield>
  </datafield>
  <datafield tag="730" ind1=" " ind2=" ">
    <subfield code="a">&#x915;&#x927;&#x940; &#x935;&#x93E;&#x926;&#x933;&#x940;  &#x938;&#x941;&#x930;&#x924;&#x94B; &#x915;&#x93E;&#x92F;</subfield>
  </datafield>
  <datafield tag="942" ind1=" " ind2=" ">
    <subfield code="c">BOOK</subfield>
  </datafield>
  <datafield tag="999" ind1=" " ind2=" ">
    <subfield code="c">53349</subfield>
    <subfield code="d">53349</subfield>
  </datafield>
  <datafield tag="952" ind1=" " ind2=" ">
    <subfield code="0">0</subfield>
    <subfield code="1">0</subfield>
    <subfield code="4">0</subfield>
    <subfield code="7">0</subfield>
    <subfield code="a">KALWAJAWAH</subfield>
    <subfield code="b">KALWAJAWAH</subfield>
    <subfield code="d">2002-03-31</subfield>
    <subfield code="g">57.00</subfield>
    <subfield code="l">0</subfield>
    <subfield code="o">15288</subfield>
    <subfield code="p">KLW-15288</subfield>
    <subfield code="r">2009-01-23 00:00:00</subfield>
    <subfield code="v">57.00</subfield>
    <subfield code="w">2009-01-23</subfield>
    <subfield code="y">BOOK</subfield>
  </datafield>
</record>
